000 00510nam a22001937a 4500
003 MPLRDC
005 20220104164858.0
008 210129b ||||| |||| 00| 0 eng d
020 _a983-866-986-5
082 _a523.315 SIE
100 _aP.J.SIEW, DAVID JHONY PEREIRA
245 _aFOKUS UPSR ENGLISH
_c
250 _a初版
260 _a马来西亚
_bTUNAS PELANGI SDN.BHD.
_c2006
300 _b268
490 _aUPSR 金榜新焦点
650 _a小学教学法--语言
942 _cBK
_o523.315 SIE
999 _c57200
_d57190